Easpórtáil curtha i gcrích — 

Windows of the mind

Guardado en:
Detalles Bibliográficos
Autor principal: Brenan, Frank
Formato: Libro
Lenguaje:Undetermined
Publicado: Cambridge Cambridge Univeristy Press 2001
Materias:
Etiquetas: Agregar Etiqueta
Sin Etiquetas, Sea el primero en etiquetar este registro!
Thư viện lưu trữ: Trung tâm Học liệu Trường Đại học Cần Thơ
LEADER 00540nam a2200193Ia 4500
001 CTU_120839
008 210402s9999 xx 000 0 und d
082 |a 428.34 
082 |b B837/Cas.1 
100 |a Brenan, Frank 
245 0 |a Windows of the mind 
245 0 |c Frank Brenan 
260 |a Cambridge 
260 |b Cambridge Univeristy Press 
260 |c 2001 
650 |a English language,English language 
650 |x Listening,Study and teaching 
904 |i M.Loan 
980 |a Trung tâm Học liệu Trường Đại học Cần Thơ